Sudden Death: Flags with BLUE - Statistics

General Stats
  • This quiz has been taken 104 times
  • The average score is 9 of 12
Answers on the Grid
Answers color-coded by a green-red scale on the quiz's grid according to % correct below.
France
Qatar
Somalia
Vietnam
Netherlands
Albania
Greece
Canada
Cuba
South Africa
Suriname
Mongolia
North Korea
Pakistan
Tunisia
Barbados
Zambia
Bosnia & Herzegovina
Egypt
Andorra
Bolivia
Austria
Cape Verde
Latvia
 
Answer Stats
Answer % Correct
France
100%
Greece
93%
Netherlands
91%
Cuba
85%
North Korea
81%
Bosnia & Herzegovina
76%
Somalia
72%
Barbados
65%
Cape Verde
64%
Andorra
61%
South Africa
59%
Mongolia
56%
No matching quizzes found
Score Distribution
Percent of People with Each Score
Percentile by Number Answered
Your Score History
You have not taken this quiz